<?xml version="1.0" encoding="UTF-8"?>
<record
    xmlns:xsi="http://www.w3.org/2001/XMLSchema-instance"
    xsi:schemaLocation="http://www.loc.gov/MARC21/slim http://www.loc.gov/standards/marcxml/schema/MARC21slim.xsd"
    xmlns="http://www.loc.gov/MARC21/slim">

  <leader>00865nam a22001937a 4500</leader>
  <controlfield tag="001">10036</controlfield>
  <controlfield tag="003">FISKH</controlfield>
  <controlfield tag="005">20260401101600.0</controlfield>
  <controlfield tag="008">260331b        cb ||||| |||| 00| 0 eng d</controlfield>
  <datafield tag="020" ind1=" " ind2=" ">
    <subfield code="a">9787552547443</subfield>
  </datafield>
  <datafield tag="040" ind1=" " ind2=" ">
    <subfield code="a">FISKH</subfield>
    <subfield code="b">chi</subfield>
    <subfield code="c">FISKH</subfield>
    <subfield code="d">FISKH</subfield>
  </datafield>
  <datafield tag="082" ind1=" " ind2=" ">
    <subfield code="a">155.4</subfield>
  </datafield>
  <datafield tag="100" ind1=" " ind2=" ">
    <subfield code="a">&#x6B23;&#x91D1;&#x661F;&#x6587;&#x5316; &#x7F16;</subfield>
  </datafield>
  <datafield tag="245" ind1=" " ind2=" ">
    <subfield code="a">&#x300A;&#x513F;&#x7AE5;&#x60C5;&#x7EEA;&#x7BA1;&#x7406;&#x4E0E;&#x6027;&#x683C;&#x57F9;&#x517B;&#x7ED8;&#x672C;&#xFF08;&#x5168;10&#x518C;&#xFF09;&#x300B;:</subfield>
    <subfield code="c">&#x6B23;&#x91D1;&#x661F;&#x6587;&#x5316; &#x7F16;</subfield>
    <subfield code="b">Dad , I am the best /</subfield>
  </datafield>
  <datafield tag="300" ind1=" " ind2=" ">
    <subfield code="a">31 pages : </subfield>
    <subfield code="b">color illustrations ; </subfield>
    <subfield code="c">22 cm . </subfield>
  </datafield>
  <datafield tag="520" ind1=" " ind2=" ">
    <subfield code="a">&#x8FD9;&#x662F;&#x4E00;&#x5957;&#x5173;&#x4E8E;&#x513F;&#x7AE5;&#x60C5;&#x7EEA;&#x7BA1;&#x7406;&#x4E0E;&#x54C1;&#x683C;&#x57F9;&#x517B;&#x7684;&#x7ED8;&#x672C;&#xFF0C;&#x5171;10&#x518C;&#x3002;&#x901A;&#x8FC7;&#x7B80;&#x5355;&#x6709;&#x8DA3;&#x7684;&#x6545;&#x4E8B;&#xFF0C;&#x5E2E;&#x52A9;&#x5B69;&#x5B50;&#x5B66;&#x4F1A;&#x63A7;&#x5236;&#x60C5;&#x7EEA;&#x3001;&#x57F9;&#x517B;&#x826F;&#x597D;&#x4E60;&#x60EF;&#xFF0C;&#x5E76;&#x63D0;&#x5347;&#x4EBA;&#x9645;&#x4EA4;&#x5F80;&#x80FD;&#x529B;&#x3002;&#x5185;&#x5BB9;&#x6DB5;&#x76D6;&#x793C;&#x8C8C;&#x3001;&#x52C7;&#x6562;&#x3001;&#x5206;&#x4EAB;&#x3001;&#x8D23;&#x4EFB;&#x611F;&#x7B49;&#x4E3B;&#x9898;&#xFF0C;&#x540C;&#x65F6;&#x914D;&#x6709;&#x4E2D;&#x82F1;&#x53CC;&#x8BED;&#x9605;&#x8BFB;&#x548C;&#x97F3;&#x9891;&#xFF0C;&#x9002;&#x5408;&#x65E9;&#x671F;&#x6559;&#x80B2;&#x3002;</subfield>
  </datafield>
  <datafield tag="942" ind1=" " ind2=" ">
    <subfield code="2">ddc</subfield>
    <subfield code="c">BOOK</subfield>
    <subfield code="n">0</subfield>
  </datafield>
  <datafield tag="999" ind1=" " ind2=" ">
    <subfield code="c">10036</subfield>
    <subfield code="d">10036</subfield>
  </datafield>
  <datafield tag="952" ind1=" " ind2=" ">
    <subfield code="0">0</subfield>
    <subfield code="1">0</subfield>
    <subfield code="2">ddc</subfield>
    <subfield code="4">0</subfield>
    <subfield code="7">0</subfield>
    <subfield code="8">REF</subfield>
    <subfield code="a">002</subfield>
    <subfield code="b">002</subfield>
    <subfield code="c">LSHTTP</subfield>
    <subfield code="d">2026-03-31</subfield>
    <subfield code="l">0</subfield>
    <subfield code="o">&#x6B23;&#x91D1;&#x661F;&#x6587;&#x5316; &#x7F16; 155.4</subfield>
    <subfield code="p">2026-0415</subfield>
    <subfield code="r">2026-03-31 12:00:18</subfield>
    <subfield code="w">2026-03-31</subfield>
    <subfield code="y">BK</subfield>
  </datafield>
</record>
